| 000 | 00652na a2200229 4500 | ||
|---|---|---|---|
| 001 | 19781 | ||
| 003 | MIRAKIL | ||
| 005 | 20181213155110.0 | ||
| 008 | 161227b tu 000 0 | ||
| 020 | _a9786055867454 | ||
| 040 |
_aMilas _btur _cTR-AnCHP |
||
| 041 | _atur | ||
| 082 |
_a363.117 _bB27h 2011 |
||
| 090 | _a363.117 B27h 2011 | ||
| 100 | _aBaşçıl, Haluk Seçkin | ||
| 245 |
_aHekimsiz tıp tıpsız işçi sağlığı _cHaluk Seçkin Başçıl |
||
| 260 |
_aAnkara _bTabib Odası Yayınları _c2011 |
||
| 300 |
_a137 s. _c20 sm. |
||
| 504 | _aKaynakça var. | ||
| 650 |
_aSağlık hizmetleri _xİşçi sağlığı |
||
| 942 |
_2ddc _cBKS |
||
| 999 |
_c6525 _d6525 |
||